000
00205 a2200097 4500
001
42760
100
_a
Rawson
245
_a
Chinese Ornament
260
_a
London
_b
British Museum
_c
090
_c
26651
_d
26651
942
_a
NUST-CAE
_c
M
_c
18504
999
_c
277833
_d
277833